A Compendium of Customs Legislation and Cases. (Record no. 1813)

000 -LEADER
fixed length control field nam a22 a 4500
005 - DATE AND TIME OF LATEST TRANSACTION
control field 20170512094406.0
008 - FIXED-LENGTH DATA ELEMENTS--GENERAL INFORMATION
fixed length control field 170512s2014 my ||||| |||| 00| 0 eng d
040 ## - CATALOGING SOURCE
Original cataloging agency AKMAL
082 ## - DEWEY DECIMAL CLASSIFICATION NUMBER
Classification number 343.59505 COM
090 ## - LOCALLY ASSIGNED LC-TYPE CALL NUMBER (OCLC); LOCAL CALL NUMBER (RLIN)
Classification number (OCLC) (R) ; Classification number, CALL (RLIN) (NR) 343.59505
Local cutter number (OCLC) ; Book number/undivided call number, CALL (RLIN) COM
245 02 - TITLE STATEMENT
Title A Compendium of Customs Legislation and Cases.
Number of part/section of a work Binder 2.
260 00 - PUBLICATION, DISTRIBUTION, ETC.
Place of publication, distribution, etc. Petaling Jaya ;
Name of publisher, distributor, etc. LexisNexis Malaysia Sdn. Bhd,
Date of publication, distribution, etc. [2014?]
300 ## - PHYSICAL DESCRIPTION
Extent various paging;
Dimensions 25cm
650 1# - SUBJECT ADDED ENTRY--TOPICAL TERM
Topical term or geographic name entry element Customs administration
Form subdivision Cases
Geographic subdivision Malaysia
9 (RLIN) 3737
650 1# - SUBJECT ADDED ENTRY--TOPICAL TERM
Topical term or geographic name entry element Tariff
Form subdivision Cases
Geographic subdivision Malaysia
9 (RLIN) 3736
710 ## - ADDED ENTRY--CORPORATE NAME
Corporate name or jurisdiction name as entry element Malaysia.
Subordinate unit Jabatan Kastam Diraja Malaysia.
Relator term issuing body.
9 (RLIN) 1301
942 ## - ADDED ENTRY ELEMENTS (KOHA)
Source of classification or shelving scheme
Koha item type Book
950 ## - LOCAL HOLDINGS (RLIN)
Permanent shelving location, LOC (RLIN) AKMAL
Holdings
Withdrawn status Lost status Source of classification or shelving scheme Damaged status Not for loan Collection code Home library Current library Shelving location Date acquired Inventory number Total Checkouts Full call number Barcode Date last seen Price effective from Koha item type
          NON-FICTION AKMAL Melaka AKMAL Melaka PINJAMAN 12.05.2017 305982 (Binder 2)   343.59505 COM 201703185 12.05.2017 12.05.2017 Book
Pusat Sumber Maklumat Dato' Haji Sarmin Md Hussin, Akademi Kastam Diraja Malaysia, Melaka
Tel: 06-2331106 | Faks: 06-2313787